Normal view
MARC view
Entry Personal Name
001 - CONTROL NUMBER
- control field: 55929
003 - CONTROL NUMBER IDENTIFIER
- control field: OSt
005 - DATE AND TIME OF LATEST TRANSACTION
- control field: 20250801143600.0
008 - FIXED-LENGTH DATA ELEMENTS
- fixed length control field: 250801|| aca||aabn | a|a d
040 ## - CATALOGING SOURCE
- Original cataloging agency: OSt
- Transcribing agency: OSt
100 ## - HEADING--PERSONAL NAME
- Personal name: Sah, Drishti
670 ## - SOURCE DATA FOUND
- Source citation: Work cat.: (OSt): Sah, Drishti , India @75: A changing electoral democracy
